000 01047cab a2200205 4500
001 ##L135143
008 060928n2006 000 0 eng u
035 _a(Sirsi) u135143
041 0 _aeng
100 1 _aBoswall, Julian
245 0 0 _aObjectors use land loophole
260 _c2006
490 0 _aPlanning (for the Natural and Built Environment)
_v(1687) 22 September 2006, 14(1)
520 _aDescribes how the threat to development plans from village green registration applications is becoming more potent and complicated than ever before, leading to a real risk of sterilisation of some development land. Considers the important changes to village green law set out in the Commons Act 2006 and the effect of recent judgments. Suggests that owners of open development land and their advisers should act now to devise a village green strategy alongside their planning strategy.
590 _aIKA031006
650 2 4 _aCOMMONS ACT 2006
651 4 _aEngland and Wales
_y1543-
690 _aPROPERTY-RURAL AND NATURAL ASSETS
942 _n0
999 _c77803
_d77803